| 000 | 01049aam a2200349 a 4500 | ||
|---|---|---|---|
| 001 | 4822396 | ||
| 005 | 20170105102937.0 | ||
| 008 | 030908s2003 pk b 001 0 eng | ||
| 010 | _a 2003344361 | ||
| 020 | _a9694163137 | ||
| 025 | _aP-E-2003344361; 07; 08 | ||
| 035 | _a(OCoLC)ocm54685401 | ||
| 035 | _a(NNC)4822396 | ||
| 040 |
_aDLC _cDLC |
||
| 042 | _alcode | ||
| 043 |
_aa-ii--- _aa-pk--- |
||
| 050 | 0 | 0 |
_aDS480.45 _b.I576 2003 |
| 082 |
_a954.91297 _bIQB 2003 |
||
| 100 | 1 | _aIqbāl, Jāvīd. | |
| 245 | 1 | 0 |
_aIslam and Pakistan's identity / _cJavid Iqbal. |
| 250 | _a1st ed. | ||
| 260 |
_aLahore : _bIqbal Academy : _bVanguard Books, _c2003. |
||
| 300 |
_a391 p. ; _c23 cm. |
||
| 504 | _aIncludes bibliographical references and index. | ||
| 650 | 0 | _aPakistan movement. | |
| 650 | 0 |
_aMuslims _xPolitical activity _zIndia. |
|
| 650 | 0 |
_aIslam and politics _zIndia _xHistory. |
|
| 650 | 0 |
_aReligion and politics _zIndia _xHistory. |
|
| 651 | 0 |
_aIndia _xPolitics and government _y20th century. |
|
| 942 |
_2ddc _cBK |
||
| 999 |
_c16329 _d16329 |
||